Taylor Swift - Paroles Paper Rings - Statistiques

Statistiques générales
  • Ce quiz a été pris 146 fois
    133 depuis la dernière actualisation
  • Le résultat moyen est 411 sur 490
Statistiques - réponses
Hint Réponse % Correct
I
99%
Like
99%
like
99%
paper
99%
rings
99%
rings,
99%
you
99%
but
98%
marry
98%
on
98%
things,
98%
things
98%
a
97%
Couplet 1 The
97%
the
97%
with
97%
(One,
96%
one,
96%
one
96%
when
96%
When
96%
your
96%
you're
96%
You're
96%
that
95%
want,
95%
want
95%
right
93%
shiny
93%
huh,
92%
huh
92%
me
92%
me,
92%
that's
92%
to
92%
To
92%
Uh
92%
we
92%
We
92%
Darling,
89%
friends
89%
from
89%
I'd
89%
in
89%
In
89%
and
88%
hate
88%
this
88%
accidents
86%
except
86%
(Oh)
86%
Oh,
86%
Went
86%
went
86%
my
83%
'cause
80%
first
80%
first,
80%
it
80%
night
80%
be
79%
three
79%
Three
79%
three,
79%
all
77%
baby
77%
is
76%
met
76%
too
76%
two
76%
two,
76%
it's
75%
once
74%
life
73%
times
73%
twice
73%
alright
72%
boy
72%
gonna
72%
Pré-refrain Kiss
72%
long
72%
I've
71%
know
71%
four)
70%
around
68%
dirty
68%
waited
68%
complications
67%
dreams
67%
had
67%
away
66%
whole
66%
arms
65%
drive
65%
high
64%
internet
64%
moon
64%
picture
62%
cold
61%
even
60%
if
60%
blue
59%
makes
59%
back
58%
frames,
58%
pool
58%
I'm
57%
so
57%
wine
57%
Wrap
57%
of
55%
stalk
53%
were
53%
brother's
52%
Mondays
52%
or
52%
up
52%
bed
51%
painted
51%
wall
51%
beside
50%
books
50%
gave
50%
street
50%
takes
50%
watch
50%
jumped
49%
Now
49%
read
49%
home
47%
breathe
46%
for
46%
outdoor
46%
wake
46%
tried
45%
color
43%
shoulder
43%
Which
43%
month
42%
wouldn't
41%
Honey,
40%
here
39%
icy
38%
winter,
38%
standing
36%
dreary
34%
without
30%
exes,
28%
tall,
27%
mouse
26%
Cat
25%
flaws
25%
fights,
22%
Aucun quiz correspondant
Distribution des résultats
% des personnes avec chaque résultat
Percentile par nombre de réponses
Votre historique - résultats
Vous n’avez pas pris ce quiz depuis la dernière actualisation